| 000 | 00470nam a2200193Ia 4500 | ||
|---|---|---|---|
| 008 | 230125s9999 xx 000 0 und d | ||
| 041 | _aeng | ||
| 082 |
_a658.4012 _bPRA |
||
| 100 |
_aPrasad L M _9108140 |
||
| 245 | _aBusiness policy and strategy | ||
| 250 | _a2nd ed | ||
| 260 |
_c1995 _bS. Chand & Company Ltd. _aNew Delhi |
||
| 300 | _a392p | ||
| 500 | _aBPSM | ||
| 500 | _aBPSM | ||
| 650 | _aManagement | ||
| 700 |
_aPrasad L M _9108140 |
||
| 999 |
_c84964 _d84964 |
||